Statistics for RPDR Season 8 Contestants by Track Record

Click here to take the quiz!

General Stats

  • This quiz has been taken 39 times
  • The average score is 9 of 12

Answer Stats

ScoresAnswer% Correct
3.2Bob the Drag Queen
100%
3.1Kim Chi
97%
2.9Naomi Smalls
94%
3Acid Betty
85%
2.67Chi Chi Devayne
79%
2.75Derrick Barry
76%
3Thorgy Thor
76%
1.5Dax ExclamationPoint
74%
.5Laila McQueen
71%
2.33Robbie Turner
68%
1Naysha Lopez
62%
2.33Cynthia Lee Fontaine
47%

Score Distribution

Percentile by Number Answered

Percent of People with Each Score

Your Score History

You have not taken this quiz